Sintez geterocikličeskich sojedinenij. Vypusk XI

Guardado en:
Detalles Bibliográficos
Formato: Libro
Publicado: Jerevan : AN Armjanskoj SSR, 1979
Etiquetas: Agregar Etiqueta
Sin Etiquetas, Sea el primero en etiquetar este registro!

MARC

LEADER 00000nam a22000003a 4500
001 stu15738
005 20141122084339.0
008 ------s1979----xxr---------------------d
040 |a STU  |b slo 
041 0
044 |a xxr 
080 |a 547.7  |7 stu_us_auth*stu15545 
245 |a Sintez geterocikličeskich sojedinenij. Vypusk XI  
260 |a Jerevan :  |b AN Armjanskoj SSR,  |c 1979 
300 |a 70 s :  |b Lit.,index 
996 |b C81007  |c C*81007  |l CCIV  |s P  |a 0  |w stu15738_0001